MARC details
| 000 -LEADER |
| fixed length control field |
01440cam a2200445 a 4500 |
| 001 - CONTROL NUMBER |
| control field |
21453 |
| 003 - CONTROL NUMBER IDENTIFIER |
| control field |
VRT |
| 005 - DATE AND TIME OF LATEST TRANSACTION |
| control field |
20260302123548.0 |
| 008 - FIXED-LENGTH DATA ELEMENTS--GENERAL INFORMATION |
| fixed length control field |
110919s2011 xr a a 000 j slo |
| 015 ## - NATIONAL BIBLIOGRAPHY NUMBER |
| National bibliography number |
SNBZSA2013-00333 |
| 020 ## - INTERNATIONAL STANDARD BOOK NUMBER |
| International Standard Book Number |
9788025219010 (viaz.) |
| 039 #9 - LEVEL OF BIBLIOGRAPHIC CONTROL AND CODING DETAIL [OBSOLETE] |
| Level of rules in bibliographic description |
202511240837 |
| Level of effort used to assign nonsubject heading access points |
csnk01 |
| Level of effort used to assign subject headings |
201302130840 |
| Level of effort used to assign classification |
rsnk06 |
| Level of effort used to assign subject headings |
201210160956 |
| Level of effort used to assign classification |
mttkjf04 |
| Level of effort used to assign subject headings |
201209031405 |
| Level of effort used to assign classification |
mtotk10 |
| 040 ## - CATALOGING SOURCE |
| Original cataloging agency |
PPPK |
| Language of cataloging |
slo |
| Transcribing agency |
PPPK |
| Modifying agency |
SNK |
| Description conventions |
AACR2 |
| 041 1# - LANGUAGE CODE |
| Language code of text/sound track or separate title |
slo |
| Language code of original |
eng |
| 044 ## - COUNTRY OF PUBLISHING/PRODUCING ENTITY CODE |
| MARC country code |
xr |
| ISO country code |
CZ |
| 072 #7 - SUBJECT CATEGORY CODE |
| Subject category code |
821-93 |
| Subject category code subdivision |
Literatúra pre deti a mládež (beletria) |
| Source |
konspekt |
| 080 ## - UNIVERSAL DECIMAL CLASSIFICATION NUMBER |
| Universal Decimal Classification number |
395 |
| Edition identifier |
2001 |
| 080 ## - UNIVERSAL DECIMAL CLASSIFICATION NUMBER |
| Universal Decimal Classification number |
821-93 |
| Edition identifier |
2001 |
| 080 ## - UNIVERSAL DECIMAL CLASSIFICATION NUMBER |
| Universal Decimal Classification number |
821-32 |
| Edition identifier |
2001 |
| 080 ## - UNIVERSAL DECIMAL CLASSIFICATION NUMBER |
| Universal Decimal Classification number |
(0:82-32) |
| Edition identifier |
2001 |
| 130 0# - MAIN ENTRY--UNIFORM TITLE |
| Uniform title |
Princess pretty please |
| Language of a work |
Slovensky |
| 245 00 - TITLE STATEMENT |
| Title |
Pekne prosím |
| Remainder of title |
ako sa slušne správať |
| Statement of responsibility, etc. |
[preložila Ľubica Svárovská] |
| 246 30 - VARYING FORM OF TITLE |
| Title proper/short title |
Ako sa slušne správať |
| 250 ## - EDITION STATEMENT |
| Edition statement |
1. vyd. |
| 260 ## - PUBLICATION, DISTRIBUTION, ETC. |
| Place of publication, distribution, etc. |
V Prahe |
| Name of publisher, distributor, etc. |
Egmont ČR |
| Date of publication, distribution, etc. |
2011 |
| 300 ## - PHYSICAL DESCRIPTION |
| Extent |
64 s. |
| Other physical details |
fareb. ilustr. |
| Dimensions |
26 cm |
| 490 1# - SERIES STATEMENT |
| Series statement |
Disney. Princezné |
| 500 ## - GENERAL NOTE |
| General note |
Preložené angličtiny? |
| 650 07 - SUBJECT ADDED ENTRY--TOPICAL TERM |
| Topical term or geographic name entry element |
etiketa |
| Source of heading or term |
SNKPH |
| 650 07 - SUBJECT ADDED ENTRY--TOPICAL TERM |
| Topical term or geographic name entry element |
spoločenské správanie |
| Source of heading or term |
SNKPH |
| 650 09 - SUBJECT ADDED ENTRY--TOPICAL TERM |
| Topical term or geographic name entry element |
Etiquette |
| Source of heading or term |
snkph |
| 655 #7 - INDEX TERM--GENRE/FORM |
| Genre/form data or focus term |
publikácie pre deti |
| Source of term |
SNKPH |
| 655 #7 - INDEX TERM--GENRE/FORM |
| Genre/form data or focus term |
príbehy |
| Source of term |
snkph |
| 655 #9 - INDEX TERM--GENRE/FORM |
| Genre/form data or focus term |
Children's literature |
| Source of term |
snkph |
| 655 #9 - INDEX TERM--GENRE/FORM |
| Genre/form data or focus term |
Stories |
| Source of term |
snkph |
| 700 1# - ADDED ENTRY--PERSONAL NAME |
| Personal name |
Svárovská, Ľubica |
| Relationship |
trl |
| 830 #0 - SERIES ADDED ENTRY--UNIFORM TITLE |
| Uniform title |
Disney |
| Name of part/section of a work |
Princezné |
| 942 ## - ADDED ENTRY ELEMENTS (KOHA) |
| Source of classification or shelving scheme |
Dewey Decimal Classification |
| Koha item type |
Krásna literatúra pre deti |
| Suppress in OPAC |
No |
| 949 ## - LOCAL PROCESSING INFORMATION (OCLC) |
| 6 |
17A0886223 |
| a |
snkSB 82824 |
| b |
snk2012/7863 |
| o |
22/17-dg80100 |